[Event "11th BCC Thailand Open"]
[Site "Pattaya THA"]
[Date "2011.04.13"]
[Round "4.21"]
[White "Nohr, Finn"]
[Black "Sanjay, N."]
[Result "0-1"]
[WhiteElo "2102"]
[BlackElo "2335"]
[WhiteFideId "1406329"]
[BlackFideId "5003075"]
[EventDate "2011.04.11"]

1. e4 c5 2. c3 d5 3. exd5 Nf6 4. d4 cxd4 5. Bb5+ Bd7 6. Bc4 b5 7. Bb3 dxc3 8.
Nxc3 g6 9. Nf3 Bg7 10. O-O O-O 11. h3 b4 12. Ne2 a5 13. a4 bxa3 14. Rxa3 Na6 15.
Nc3 Nb4 16. Re1 Bc8 17. Be3 Bb7 18. Bc5 Nfxd5 19. Nxd5 Nxd5 20. Bxe7 Nxe7 21.
Qxd8 Rfxd8 22. Rxe7 Bxf3 23. gxf3 Bf8 24. Rxf7 Bxa3 25. Rc7+ Kh8 26. bxa3 Rac8
27. Rxc8 Rxc8 28. Bd5 0-1

[Event "11th BCC Thailand Open"]
[Site "Pattaya THA"]
[Date "2011.04.13"]
[Round "4.22"]
[White "Wismeijer, Jeroen"]
[Black "Sauravh, Khherdekar"]
[Result "0-1"]
[BlackTitle "FM"]
[WhiteElo "2083"]
[BlackElo "2324"]
[WhiteFideId "1005480"]
[BlackFideId "5008646"]
[EventDate "2011.04.11"]

1. d4 e6 2. c4 f5 3. Nf3 Nf6 4. Bg5 d5 5. Nc3 c6 6. e3 Bd6 7. Ne5 Nbd7 8. Nxd7
Bxd7 9. c5 Bc7 10. Bd3 O-O 11. O-O e5 12. dxe5 Bxe5 13. Qc2 Bxh2+ 14. Kh1 Bc7
15. Bxf5 Qe8 16. Bxd7 Nxd7 17. g4 Ne5 0-1

[Event "11th BCC Thailand Open"]
[Site "Pattaya THA"]
[Date "2011.04.13"]
[Round "4.23"]
[White "Lee, T H Bryan"]
[Black "Myo Naing"]
[Result "0-1"]
[BlackTitle "IM"]
[WhiteElo "1964"]
[BlackElo "2317"]
[WhiteFideId "6000584"]
[BlackFideId "13000071"]
[EventDate "2011.04.11"]

1. e4 c5 2. Nf3 d6 3. d4 cxd4 4. Nxd4 Nf6 5. Nc3 g6 6. Be3 Bg7 7. f3 Nc6 8. Qd2
O-O 9. O-O-O Bd7 10. g4 Rc8 11. h4 Ne5 12. Kb1 Qa5 13. Nd5 Qd8 14. Nxf6+ Bxf6
15. h5 e6 16. g5 Bg7 17. Qh2 Re8 18. hxg6 hxg6 19. f4 Nc4 20. Bxc4 Rxc4 21. Qh7+
Kf8 22. b3 Rc3 23. Nxe6+ Rxe6 24. Bd4 Bxd4 25. Rxd4 Rc5 26. Kb2 Qa5 27. c4 b5
28. Qh8+ Ke7 29. f5 Rxf5 30. Rh2 Rf1 31. Re2 b4 32. a4 bxa3+ 33. Ka2 Qc3 34.
Kxa3 Ra1+ 35. Ra2 Qa5+ 0-1

[Event "11th BCC Thailand Open"]
[Site "Pattaya THA"]
[Date "2011.04.13"]
[Round "4.24"]
[White "Png, Ren Chi"]
[Black "Teerapabpaisit, Wisuwat"]
[Result "1-0"]
[BlackTitle "FM"]
[WhiteElo "1960"]
[BlackElo "2310"]
[WhiteFideId "5704189"]
[BlackFideId "6200176"]
[EventDate "2011.04.11"]

1. e4 c5 2. Nf3 e6 3. d4 cxd4 4. Nxd4 a6 5. Nc3 b5 6. Be3 Bb7 7. Bd3 Qc7 8. O-O
Nf6 9. f3 b4 10. Nce2 d5 11. exd5 Nxd5 12. Bf2 Bd6 13. Kh1 Nd7 14. c4 N5f6 15.
Rc1 Nc5 16. Bb1 Nh5 17. a3 b3 18. Nxb3 Nxb3 19. Qxb3 Bxh2 20. c5 Bd5 21. Qa4+
Bc6 22. Qh4 Bf4 23. Qxh5 Bxc1 24. Rxc1 Rd8 25. Bg3 Qb7 26. Bd6 Qxb2 27. Qg5 Rd7
28. Bd3 h6 29. Qh4 Qxa3 30. Rb1 Rxd6 31. cxd6 Qxd6 32. Qd4 Ke7 33. Rb6 a5 34.
Qxd6+ Kxd6 35. Be4 1-0

[Event "11th BCC Thailand Open"]
[Site "Pattaya THA"]
[Date "2011.04.13"]
[Round "4.25"]
[White "Arvind, Shastry"]
[Black "Ilmoni, Tommy"]
[Result "1-0"]
[WhiteElo "2297"]
[BlackElo "2121"]
[WhiteFideId "5008778"]
[BlackFideId "504297"]
[EventDate "2011.04.11"]

1. d4 d5 2. Nf3 e6 3. c4 Nf6 4. Nc3 c6 5. cxd5 exd5 6. Bg5 Be7 7. Qc2 Bg4 8. e3
Nbd7 9. Bd3 Bh5 10. Nh4 h6 11. Bxf6 Bxf6 12. Nf5 O-O 13. O-O Bg6 14. b4 Nb6 15.
b5 Rc8 16. bxc6 Rxc6 17. Ng3 Bxd3 18. Qxd3 Nc4 19. Rab1 Qd7 20. Nge2 Rfc8 21.
Rb5 Nb6 22. Rfb1 Bd8 23. a4 a6 24. R5b3 Bc7 25. g3 h5 26. a5 Nc4 27. Rxb7 Nxa5
28. Ra7 Qe6 29. Na4 Nc4 30. Nc5 Qg4 31. e4 Qg6 32. exd5 Qxd3 33. Nxd3 Rb6 34.
Rxb6 Nxb6 35. Rxa6 Nxd5 36. Rc6 Rd8 37. Nb4 Ba5 38. Nxd5 Rxd5 39. Rc5 Rxc5 40.
dxc5 Kf8 41. Nf4 h4 42. Kg2 hxg3 43. hxg3 Ke7 44. Kf3 Kd7 45. Ke4 Kc6 46. Kd4
Bd8 47. Kc4 g5 48. Nd3 f5 49. Ne5+ Kc7 50. Kd5 f4 51. g4 Be7 52. f3 Bf8 53. Nc4
Bg7 54. Nd6 Bf8 55. Nb5+ Kc8 56. c6 Bb4 57. Ke6 Bc5 58. Kf6 1-0

[Event "11th BCC Thailand Open"]
[Site "Pattaya THA"]
[Date "2011.04.13"]
[Round "4.26"]
[White "Kananub, Warot"]
[Black "Topi-Hulmi, Teemu"]
[Result "1/2-1/2"]
[BlackTitle "FM"]
[WhiteElo "1989"]
[BlackElo "2285"]
[WhiteFideId "6201601"]
[BlackFideId "502740"]
[EventDate "2011.04.11"]

1. d4 d5 2. c4 c6 3. Nc3 Nf6 4. cxd5 cxd5 5. Nf3 Nc6 6. Bf4 Bf5 7. e3 e6 8. Bd3
Bg6 9. O-O Be7 10. Bxg6 hxg6 11. Ne5 Nxe5 12. Bxe5 O-O 13. Qb3 Qd7 14. Rac1 Rac8
15. f3 Rc6 16. a3 Rfc8 17. Rc2 a6 18. Rfc1 b5 19. Nb1 Qb7 20. Rxc6 Rxc6 21. Rxc6
Qxc6 22. Qc3 Qc4 23. Qxc4 dxc4 24. e4 Nd7 25. Bf4 Bf6 26. e5 Bd8 27. Kf2 Ba5 28.
Ke2 Kf8 29. Bd2 Bb6 30. Be3 Nb8 31. d5 Bxe3 32. Kxe3 exd5 33. Kd4 Nd7 34. Nc3
Ke7 35. Nxd5+ Kd8 36. f4 Kc8 37. g4 Kb7 38. f5 gxf5 39. gxf5 Kc6 40. Nb4+ Kb6
41. e6 fxe6 42. fxe6 Nf6 43. Nd5+ Kc6 44. Nxf6 gxf6 45. Ke4 Kd6 46. Kf5 Ke7 47.
h4 a5 48. h5 b4 49. axb4 axb4 50. h6 c3 51. bxc3 b3 52. h7 1/2-1/2

[Event "11th BCC Thailand Open"]
[Site "Pattaya THA"]
[Date "2011.04.13"]
[Round "4.27"]
[White "Shetty, Rahul"]
[Black "Takahashi, Reiji"]
[Result "1/2-1/2"]
[WhiteTitle "IM"]
[WhiteElo "2279"]
[BlackElo "2099"]
[WhiteFideId "5000513"]
[BlackFideId "7000880"]
[EventDate "2011.04.11"]

1. d4 Nf6 2. Nf3 e6 3. c4 c5 4. g3 cxd4 5. Nxd4 Bb4+ 6. Bd2 Be7 7. Bg2 O-O 8.
O-O d6 9. e4 Nbd7 10. Nc3 a6 11. b3 Ne5 12. h3 Bd7 13. f4 Nc6 14. Be3 Qc7 15.
Rc1 Qa5 16. g4 Nxd4 17. Qxd4 Bc6 18. g5 Nd7 19. f5 Rfe8 20. f6 Bf8 21. fxg7 Bxg7
22. Qd2 Rad8 23. Qf2 Rf8 24. Nd5 Bxd5 25. exd5 b5 26. cxb5 Qxb5 27. Rc7 Ne5 28.
Rd1 Rd7 29. Rxd7 Qxd7 30. Qe2 exd5 31. Qxa6 Qe6 32. Qe2 Re8 33. Bf4 d4 34. Kh1
d3 35. Qe3 Ng6 36. Qxe6 Rxe6 37. Bg3 Re3 38. Bxd6 Bc3 39. Bc5 Re5 40. Bd6 Re3
41. Bc5 Re5 42. Bd6 1/2-1/2

[Event "11th BCC Thailand Open"]
[Site "Pattaya THA"]
[Date "2011.04.13"]
[Round "4.28"]
[White "Abdumalik, Zhansaya"]
[Black "Tuomala, Timo"]
[Result "1-0"]
[WhiteTitle "WFM"]
[WhiteElo "1941"]
[BlackElo "2231"]
[WhiteFideId "13703544"]
[BlackFideId "500704"]
[EventDate "2011.04.11"]

1. e4 c5 2. Nf3 a6 3. Nc3 Nc6 4. d4 cxd4 5. Nxd4 e5 6. Nf5 d6 7. Ne3 Nf6 8. Ned5
Nxd5 9. Nxd5 Be6 10. c3 Be7 11. Be3 O-O 12. Bc4 b5 13. Bb3 Rb8 14. O-O Na5 15.
f4 Nc4 16. Bxc4 bxc4 17. Nxe7+ Qxe7 18. f5 Bc8 19. f6 Qe6 20. fxg7 Re8 21. Rf2
Qg6 22. Qd5 Bb7 23. Qxc4 Rbc8 24. Qe2 Qxe4 25. Qd2 Re6 26. Raf1 Rg6 27. Re1 Qc4
28. a3 f5 29. Bg5 f4 30. Be7 Qc5 31. Bf8 Bxg2 32. h4 Bf3+ 33. Kh2 e4 34. Qc2 Qh5
35. Rxf3 exf3 36. Qb3+ d5 37. Be7 Rg2+ 38. Kh1 Qf5 1-0

[Event "11th BCC Thailand Open"]
[Site "Pattaya THA"]
[Date "2011.04.13"]
[Round "4.29"]
[White "Lee, Kah Meng Elgin"]
[Black "Berezovics, Alexander"]
[Result "0-1"]
[BlackTitle "FM"]
[WhiteElo "1904"]
[BlackElo "2206"]
[WhiteFideId "5701996"]
[BlackFideId "4113357"]
[EventDate "2011.04.11"]

1. d4 d6 2. c4 g6 3. Nc3 Bg7 4. e4 Nd7 5. Be2 e5 6. d5 a5 7. f3 Nc5 8. Be3 h5 9.
Qd2 Bh6 10. O-O-O Bd7 11. g3 Bxe3 12. Qxe3 h4 13. g4 f6 14. f4 exf4 15. Qxf4 Qe7
16. h3 O-O-O 17. Nf3 Re8 18. Rhe1 g5 19. Qe3 Nh6 20. e5 dxe5 21. d6 cxd6 22. Nd5
Qd8 23. Qa3 Bc6 24. b4 axb4 25. Qa8+ Kd7 26. Qxd8+ Rxd8 27. Nxf6+ Ke7 28. Nd5+
Bxd5 29. Rxd5 Nf7 30. Bf1 Ra8 31. Rd2 b3 32. Kb1 Ra3 33. Nd4 Rha8 34. Nf5+ Kd7
35. Ree2 Na4 36. Re3 Nc3+ 37. Kb2 bxa2 0-1

[Event "11th BCC Thailand Open"]
[Site "Pattaya THA"]
[Date "2011.04.13"]
[Round "4.30"]
[White "Vospernik, Andrej"]
[Black "Erlandsen, Carsten"]
[Result "1-0"]
[WhiteElo "2205"]
[BlackElo "2083"]
[WhiteFideId "14601281"]
[BlackFideId "1402536"]
[EventDate "2011.04.11"]

1. e4 e5 2. d4 d6 3. Bc4 Nd7 4. c3 Ngf6 5. Qb3 Qe7 6. Bg5 Nb6 7. Nd2 Nxc4 8.
Nxc4 exd4 9. O-O-O Qxe4 10. Nf3 Be6 11. Rhe1 Qd5 12. Rxd4 Qc6 13. Na5 Qd7 14.
Qxb7 Qc8 15. Qc6+ Nd7 16. Rde4 Be7 17. Rxe6 fxe6 18. Rxe6 O-O 19. Rxe7 Ne5 20.
Nxe5 dxe5 21. Qd5+ Kh8 22. Qxe5 Rg8 23. Nc6 Qa6 24. Qe4 Qf1+ 25. Kc2 Qxf2+ 26.
Bd2 a5 27. Ne5 Raf8 28. g3 Qf6 29. Nd7 1-0

[Event "11th BCC Thailand Open"]
[Site "Pattaya THA"]
[Date "2011.04.13"]
[Round "4.32"]
[White "Tuorila, Kai"]
[Black "Sorensen, Torben"]
[Result "1-0"]
[BlackTitle "IM"]
[WhiteElo "2125"]
[BlackElo "2403"]
[WhiteFideId "6200214"]
[BlackFideId "1400541"]
[EventDate "2011.04.11"]

1. d4 f5 2. Bg5 g6 3. e3 Bg7 4. c4 h6 5. Bh4 Nf6 6. Bxf6 Bxf6 7. Nc3 d6 8. Bd3
Nc6 9. g4 e5 10. d5 Ne7 11. gxf5 gxf5 12. Qh5+ Kf8 13. Nge2 Bd7 14. O-O-O Qe8
15. Qh3 a6 16. Bc2 b5 17. Ng3 e4 18. Nh5 Bxc3 19. bxc3 Qf7 20. Nf4 Ke8 21. c5
dxc5 22. d6 cxd6 23. Rxd6 Ra7 24. Rg1 h5 25. Bb3 c4 26. Bd1 h4 27. Rg5 Kd8 28.
Bh5 Qh7 29. Nd5 Nxd5 30. Rxd5 Kc8 31. Bg6 Qg7 32. Kc2 Rh6 33. Bxf5 1-0

[Event "11th BCC Thailand Open"]
[Site "Pattaya THA"]
[Date "2011.04.13"]
[Round "4.33"]
[White "Reilly, Tim"]
[Black "Hirt, Markus"]
[Result "1-0"]
[WhiteTitle "FM"]
[WhiteElo "2271"]
[BlackElo "2056"]
[WhiteFideId "3200302"]
[BlackFideId "1302582"]
[EventDate "2011.04.11"]

1. d4 e6 2. c4 b6 3. Nc3 Bb7 4. d5 Bb4 5. g3 Qe7 6. Bg2 c6 7. Nh3 Nf6 8. O-O
exd5 9. cxd5 Bxc3 10. d6 Qe5 11. Bf4 Qa5 12. bxc3 Qxc3 13. Rc1 Qa5 14. Bg5 Na6
15. Qd4 O-O-O 16. Bxf6 gxf6 17. Qxf6 Qxa2 18. Nf4 Nc5 19. Ra1 Qc2 20. Rxa7 Ne6
21. Qa1 Kb8 22. Nd5 Qc5 23. Qa2 Qxd6 24. Ra1 cxd5 25. Rxb7+ Kxb7 26. Bxd5+ Kc8
27. Qa6+ 1-0

[Event "11th BCC Thailand Open"]
[Site "Pattaya THA"]
[Date "2011.04.13"]
[Round "4.34"]
[White "Attwood, James"]
[Black "Filippov, Alexander"]
[Result "1-0"]
[WhiteElo "2019"]
[BlackElo "2264"]
[WhiteFideId "3206688"]
[BlackFideId "4185471"]
[EventDate "2011.04.11"]

1. d4 d5 2. c4 c6 3. Nf3 Nf6 4. e3 Bg4 5. Qb3 Qb6 6. Nc3 Bxf3 7. gxf3 e6 8. e4
Na6 9. Qxb6 axb6 10. Bg5 Nb4 11. Kd2 dxc4 12. e5 Nfd5 13. Bxc4 h6 14. Be3 Ne7
15. a3 Na6 16. Bb3 b5 17. Ne4 Nf5 18. Ke2 Be7 19. Rac1 O-O-O 20. Rhd1 Nc7 21.
Rc2 Kb8 22. a4 bxa4 23. Bxa4 Rd5 24. Nc5 Rhd8 25. Nxb7 Kxb7 26. Bxc6+ Kb6 27.
Bxd5 Nxd5 28. Rc4 Kb5 1-0

[Event "11th BCC Thailand Open"]
[Site "Pattaya THA"]
[Date "2011.04.13"]
[Round "4.35"]
[White "Neubronner, Jarred"]
[Black "Sollid, Stein"]
[Result "1-0"]
[WhiteTitle "CM"]
[WhiteElo "2262"]
[BlackElo "2016"]
[WhiteFideId "5801834"]
[BlackFideId "1503057"]
[EventDate "2011.04.11"]

1. e4 e5 2. Nf3 Nc6 3. Bc4 Bc5 4. d3 d6 5. c3 Nf6 6. a4 a5 7. O-O O-O 8. h3 Be6
9. Nbd2 Qe7 10. Re1 Nd7 11. Bb5 f5 12. d4 exd4 13. exf5 Rxf5 14. Bd3 Re5 15.
Nxe5 dxe5 16. Ne4 Rf8 17. Qh5 Nf6 18. Nxf6+ gxf6 19. Bh6 Rd8 20. Bf5 Bb3 21. Re4
Kh8 22. Rh4 dxc3 23. bxc3 Qf7 24. Be3 Bxe3 25. Qxh7+ Qxh7 26. Rxh7+ Kg8 27. fxe3
Be6 28. Bg6 1-0

[Event "11th BCC Thailand Open"]
[Site "Pattaya THA"]
[Date "2011.04.13"]
[Round "5"]
[White "Kunte, Abhijit"]
[Black "L'Ami, Alina"]
[Result "1-0"]
[WhiteTitle "GM"]
[BlackTitle "WGM"]
[WhiteElo "2526"]
[BlackElo "2297"]
[WhiteFideId "5002265"]
[BlackFideId "1210246"]
[EventDate "2011.04.11"]

1. d4 Nf6 2. Nf3 g6 3. g3 Bg7 4. Bg2 O-O 5. O-O d6 6. c4 Nc6 7. Nc3 a6 8. d5 Na5
9. Nd2 c5 10. Qc2 Rb8 11. b3 b5 12. Rb1 bxc4 13. bxc4 Rxb1 14. Ncxb1 e6 15. Bb2
exd5 16. cxd5 Re8 17. e4 Bd7 18. Na3 Qc7 19. Bc3 Nh5 20. Bxg7 Nxg7 21. Rb1 Rb8
22. Bf1 Rxb1 23. Qxb1 Bc8 24. Qb2 Ne8 25. h4 h5 26. Kh2 Qb7 27. Qc3 Qb6 28. Nc2
Nb7 29. Ne3 Nd8 30. Ndc4 Qc7 31. f4 f6 32. e5 fxe5 33. fxe5 Qg7 34. Qa5 Nb7 35.
Qxa6 dxe5 36. Qc6 Qd7 37. Nb6 Qxc6 38. dxc6 Nbd6 39. a4 Nc7 40. Nec4 Ba6 41.
Nxd6 Bxf1 42. Kg1 Ba6 43. Kf2 Kf8 44. Ke3 Ke7 45. Ne4 Ne6 46. Nd7 Nd4 47. Nxe5
Nf5+ 48. Kf4 1-0

[Event "11th BCC Thailand Open"]
[Site "Pattaya THA"]
[Date "2011.04.13"]
[Round "5"]
[White "Murshed, Niaz"]
[Black "Morris, James"]
[Result "1/2-1/2"]
[WhiteTitle "GM"]
[BlackTitle "IM"]
[WhiteElo "2455"]
[BlackElo "2227"]
[WhiteFideId "10200010"]
[BlackFideId "3205800"]
[EventDate "2011.04.11"]

1. d4 Nf6 2. c4 e6 3. Nf3 c5 4. d5 exd5 5. cxd5 d6 6. Nc3 g6 7. g3 Bg7 8. Bg2
O-O 9. O-O Re8 10. Re1 Na6 11. e4 Bg4 12. h3 Bxf3 13. Bxf3 Nd7 14. Bg2 c4 15.
Bf1 Rc8 16. Nb1 Nab8 1/2-1/2

[Event "11th BCC Thailand Open"]
[Site "Pattaya THA"]
[Date "2011.04.13"]
[Round "5"]
[White "Pitirotjirathon, Jirapak"]
[Black "Zaw Win Lay"]
[Result "0-1"]
[WhiteTitle "FM"]
[BlackTitle "GM"]
[WhiteElo "2278"]
[BlackElo "2382"]
[WhiteFideId "6200206"]
[BlackFideId "13000098"]
[EventDate "2011.04.11"]

1. d4 Nf6 2. Nf3 d5 3. c4 c6 4. Nc3 dxc4 5. a4 Bf5 6. Ne5 e6 7. f3 Bb4 8. e4
Bxe4 9. fxe4 Nxe4 10. Bd2 Qxd4 11. Nxe4 Qxe4+ 12. Qe2 Bxd2+ 13. Kxd2 Qd5+ 14.
Kc2 Na6 15. Nxc4 O-O-O 16. Qe5 f6 17. Qe3 Kb8 18. Be2 Qxg2 19. Rhg1 Qxh2 20.
Rxg7 Nb4+ 21. Kb3 Nd5 22. Qg3+ Qxg3+ 23. Rxg3 Rd7 24. Rag1 Kc7 25. Rg7 Rd8 26.
Rxd7+ Rxd7 27. Rg8 b5 28. axb5 cxb5 29. Na5 a6 30. Kc2 Kd6 31. Bf3 Ke5 32. Nc6+
Kf4 33. Bxd5 Rxd5 34. Nb4 Rd6 35. Rh8 a5 36. Nd3+ Ke3 37. Nc1 f5 38. Rxh7 Rd2+
39. Kb1 f4 40. Rh1 f3 41. Re1+ Re2 42. Rd1 f2 43. Rd6 Re1 44. Rxe6+ Kd4 45. Rf6
f1=Q 46. Rxf1 Rxf1 47. Kc2 Rf2+ 48. Kb3 a4+ 49. Ka3 Rc2 0-1

[Event "11th Thailand Open"]
[Site "Pattaya THA"]
[Date "2011.04.14"]
[Round "6"]
[White "Zaw Win Lay"]
[Black "Short, Nigel D"]
[Result "0-1"]
[WhiteTitle "GM"]
[BlackTitle "GM"]
[WhiteElo "2382"]
[BlackElo "2676"]
[WhiteFideId "13000098"]
[BlackFideId "400025"]
[EventDate "2011.04.11"]

1. e4 c6 2. d4 d5 3. e5 Bf5 4. Nd2 e6 5. Nb3 Nd7 6. Nf3 h6 7. Be2 Ne7 8. O-O g5
9. Bd2 a5 10. a4 Bg7 11. Ne1 O-O 12. Nd3 b6 13. c3 c5 14. Ne1 cxd4 15. cxd4 f6
16. exf6 Nxf6 17. Rc1 Qd6 18. Nc2 Rac8 19. Na3 Bg6 20. Nb5 Qd7 21. Bc3 h5 22.
Bd3 g4 23. Rc2 Ne4 24. Be1 Nf5 25. Rxc8 Rxc8 26. Bd2 Nxd2 27. Qxd2 Bh6 28. Qe2
Qe7 29. Re1 Rc6 30. Nc3 Qf6 31. g3 Kh7 32. Bb5 Rd6 33. Bd3 Ng7 34. Ba6 Rd8 35.
Bd3 Rf8 36. Bxg6+ Qxg6 37. Qb5 h4 38. Qe2 h3 39. Nc1 Rf3 40. Rd1 Nf5 41. Nb3 Nd6
42. Re1 Nc4 43. Qxe6 Qxe6 44. Rxe6 Nxb2 45. Nxd5 Rxb3 46. Kf1 Bg7 47. Ne3 Bxd4 0-1

[Event "11th Thailand Open"]
[Site "Pattaya THA"]
[Date "2011.04.14"]
[Round "6"]
[White "Gustafsson, Jan"]
[Black "Sanjay, N."]
[Result "1-0"]
[WhiteTitle "GM"]
[WhiteElo "2647"]
[BlackElo "2335"]
[WhiteFideId "4625498"]
[BlackFideId "5003075"]
[EventDate "2011.04.11"]

1. d4 Nf6 2. c4 g6 3. Nc3 Bg7 4. e4 O-O 5. Be2 d6 6. Nf3 Nbd7 7. O-O e5 8. Be3
c6 9. Qc2 Ng4 10. Bg5 f6 11. Bh4 h5 12. h3 Nh6 13. dxe5 dxe5 14. b4 Nf7 15. c5
Qe7 16. Rfd1 a5 17. a3 axb4 18. axb4 Rxa1 19. Rxa1 Rd8 20. Na4 Nf8 21. Nb6 Be6
22. Nd2 Nd7 23. Nbc4 Bh6 24. Nb3 Nf8 25. Ra7 Rd7 26. Nb6 Rc7 27. Na5 Nd8 28. Qd1
Bf7 29. Qd6 g5 30. Bg3 Nfe6 31. Bc4 Bf8 32. Ra8 Kg7 33. Qd3 Nd4 34. Bxf7 Nxf7
35. f3 Nb5 36. Nac4 Qe6 37. Ne3 Nd4 38. Be1 Nh6 39. Qd1 Qb3 40. Qxb3 Nxb3 41.
Nec4 Nf7 42. Bc3 Nc1 43. Kf1 Nd3 44. Na5 Be7 45. Rc8 Rxc8 46. Nxc8 Bxc5 47. bxc5
Nxc5 48. Bb4 Nd3 49. Be7 c5 50. Nb6 g4 51. fxg4 hxg4 52. h4 Nh6 53. Nxb7 f5 54.
Nxc5 Nxc5 55. Bxc5 fxe4 56. g3 Kf6 57. Nd5+ Ke6 58. Ne3 1-0

[Event "11th Thailand Open"]
[Site "Pattaya THA"]
[Date "2011.04.14"]
[Round "6"]
[White "Murshed, Niaz"]
[Black "Illingworth, Max"]
[Result "1/2-1/2"]
[WhiteTitle "GM"]
[BlackTitle "FM"]
[WhiteElo "2455"]
[BlackElo "2345"]
[WhiteFideId "10200010"]
[BlackFideId "3205207"]
[EventDate "2011.04.11"]

1. d4 d5 2. c4 e6 3. Nc3 Nf6 4. cxd5 exd5 5. Bg5 Be7 6. e3 c6 7. Bd3 Nbd7 8.
Nge2 O-O 9. Qc2 Re8 10. O-O Nf8 11. f3 Be6 12. Rad1 Ng6 13. Ng3 Rc8 14. Nf5 Bf8
15. Nh4 Be7 16. Kh1 a6 17. Na4 Nd7 18. Bxe7 Rxe7 19. Nf5 Bxf5 20. Bxf5 Rc7 21.
e4 dxe4 22. fxe4 Nf6 23. Nc3 Re8 24. Qf2 Ne7 25. Bh3 Ng6 26. Bf5 Ne7 27. Rd3
Nxf5 28. Qxf5 Qc8 29. Qf4 Rd7 30. e5 Nd5 31. Nxd5 cxd5 32. Rc3 Qd8 33. h3 Ree7
34. Rfc1 Rc7 35. Qg5 Rxc3 36. Rxc3 h6 37. Qc1 Qd7 38. Rc8+ Re8 39. Rc7 Qf5 40.
Kh2 f6 41. exf6 1/2-1/2

[Event "11th Thailand Open"]
[Site "Pattaya THA"]
[Date "2011.04.14"]
[Round "6"]
[White "Vallejo Pons, Francisco"]
[Black "Kunte, Abhijit"]
[Result "1/2-1/2"]
[WhiteTitle "GM"]
[BlackTitle "GM"]
[WhiteElo "2707"]
[BlackElo "2526"]
[WhiteFideId "2205530"]
[BlackFideId "5002265"]
[EventDate "2011.04.11"]

1. e4 c5 2. Nf3 e6 3. d4 cxd4 4. Nxd4 a6 5. Bd3 Nf6 6. O-O e5 7. Bg5 h6 8. Bxf6
Qxf6 9. Nf5 d5 10. Nc3 d4 11. Nd5 Qd8 12. Ng3 g6 13. f4 exf4 14. Nxf4 Nc6 15.
Bc4 Ne5 16. Bb3 Bg7 17. Nge2 Bg4 18. h3 Bxe2 19. Qxe2 O-O 20. Rad1 Kh7 21. Nd3 1/2-1/2